[Event "TUR-chT Superleague 2018"]
[Site "Ankara"]
[Date "2018.08.03"]
[Round "11"]
[White "Cheparinov, Ivan"]
[Black "Zubov, Alexander"]
[Result "1/2-1/2"]
[WhiteElo "2718"]
[BlackElo "2604"]
[Annotator "TA"]
[PlyCount "129"]
[EventDate "2018.07.25"]
[EventType "team-tourn"]
[EventCountry "TUR"]
[SourceTitle "playchess.com"]
[Source "ChessBase"]
[SourceQuality "1"]

1. d4 d5 2. Nf3 Nf6 3. c4 e6 4. g3 Bb4+ 5. Bd2 Bd6 6. Bg2 O-O 7. O-O c6 8. Nc3 Nbd7 9. b3 Re8 10. Qc2 dxc4 11. bxc4 e5 12. e3 exd4 13. exd4 Nf8 14. Rab1 Rb8 15. d5 cxd5 16. cxd5 a6 17. Nd4 Ng6 18. Nf5 Bxf5 19. Qxf5 b5 20. Rfe1 Re5 21. Rxe5 Nxe5 22. Re1 g6 23. Qb1 Rc8 24. h3 Qc7 25. Bg5 Ned7 26. Ne4 Nxe4 27. Qxe4 Qa5 28. Re2 Qc3 29. Bh6 Qc4 30. Qf3 Qd4 31. Re1 Nf6 32. Kh2 Qh4 33. Bc1 Qd4 34. Rd1 Qe5 35. Bf4 Qe7 36. Bg5 Kg7 37. Re1 Qd8 38. Re8 Nxe8 39. Bxd8 Rxd8 40. Qc3+ Nf6 41. Qa5 Be7 42. Qxa6 b4 43. Qc4 h5 44. Bf3 Bd6 45. Kg2 Kf8 46. Qd4 Ke7 47. Qa7+ Rd7 48. Qe3+ Kf8 49. Qd4 Ke7 50. Be2 Rc7 51. Bc4 Rc5 52. f4 Nd7 53. g4 hxg4 54. hxg4 g5 55. fxg5 Ne5 56. Bb3 Kd8 57. Qf2 Kc7 58. Ba4 Rc4 59. Qa7+ Kd8 60. Qa8+ Kc7 61. Qa5+ Kb7 62. Bc6+ Kc8 63. Qa8+ Kc7 64. Qa5+ Kc8 65. Qa8+ 1/2-1/2

[Event "TUR-chT Superleague 2018"]
[Site "Ankara"]
[Date "2018.08.03"]
[Round "11"]
[White "Inarkiev, Ernesto"]
[Black "Goganov, Aleksey"]
[Result "0-1"]
[WhiteElo "2690"]
[BlackElo "2586"]
[Annotator "TA"]
[PlyCount "110"]
[EventDate "2018.07.25"]
[EventType "team-tourn"]
[EventCountry "TUR"]
[SourceTitle "playchess.com"]
[Source "ChessBase"]
[SourceQuality "1"]

1. d4 d5 2. c4 c6 3. Nf3 Nf6 4. Nc3 dxc4 5. a4 Bf5 6. e3 e6 7. Bxc4 Bb4 8. O-O Nbd7 9. Qe2 Bg6 10. e4 O-O 11. Bd3 Bh5 12. e5 Nd5 13. Nxd5 cxd5 14. Qe3 Be7 15. Ne1 Bg6 16. Bd2 Nb8 17. f4 Nc6 18. g4 Bxd3 19. Nxd3 f5 20. exf6 Rxf6 21. Rae1 Qe8 22. g5 Qg6 23. Bc3 h6 24. h4 Rf7 25. Qh3 hxg5 26. hxg5 Rf5 27. Rf2 Bd6 28. b4 Rc8 29. Qe3 Nd8 30. Bd2 Rc4 31. Rc1 Nc6 32. b5 Ne7 33. Nb2 Rxc1+ 34. Bxc1 Rf7 35. Qd3 Nf5 36. Bd2 Rc7 37. Rh2 Kf7 38. Rf2 Rc8 39. Bc3 Bxf4 40. Qf3 Qxg5+ 41. Kf1 Bg3 42. Bd2 Qh4 43. Rg2 Kg8 44. Qd3 Bf4 45. Kg1 Bxd2 46. Qxd2 Nxd4 47. Qe3 Rc1+ 48. Qxc1 Nf3+ 49. Kf1 Qh1+ 50. Kf2 Qxc1 51. Kxf3 e5 52. Kg4 Qf4+ 53. Kh3 e4 54. Rc2 d4 55. Nc4 d3 0-1

[Event "TUR-chT Superleague 2018"]
[Site "Ankara"]
[Date "2018.08.03"]
[Round "11"]
[White "Kravtsiv, Martyn"]
[Black "Rakhmanov, Aleksandr"]
[Result "1/2-1/2"]
[WhiteElo "2654"]
[BlackElo "2629"]
[Annotator "TA"]
[PlyCount "123"]
[EventDate "2018.07.25"]
[EventType "team-tourn"]
[EventCountry "TUR"]
[SourceTitle "playchess.com"]
[Source "ChessBase"]
[SourceQuality "1"]

1. e4 c5 2. Nf3 Nf6 3. Nc3 d5 4. exd5 Nxd5 5. Bb5+ Bd7 6. Ne5 Nf6 7. Qf3 Qc8 8. a4 e6 9. d3 Be7 10. O-O O-O 11. Bg5 a6 12. Bxd7 Nbxd7 13. Nc4 b6 14. Ra3 a5 15. Rb3 Ra6 16. Re1 Qa8 17. Qxa8 Rfxa8 18. Bf4 Rc8 19. Bg3 Rc6 20. Bh4 Kf8 21. Bxf6 Bxf6 22. Nb5 Ra8 23. g3 h5 24. Kg2 g6 25. Ra3 Rd8 26. Raa1 Bg7 27. Rad1 Nb8 28. f4 Na6 29. c3 Ke7 30. Re3 Nb8 31. Ne5 Rcc8 32. Na3 Bxe5 33. fxe5 Rd5 34. Nc4 Nd7 35. Rf1 Rf8 36. Rf2 g5 37. h3 g4 38. hxg4 hxg4 39. Rf4 Rg8 40. d4 cxd4 41. cxd4 b5 42. Nxa5 Nb8 43. axb5 Rxb5 44. Nc4 Nc6 45. Re2 Rd5 46. Ref2 Rf8 47. Nb6 Rb5 48. Nc4 Rd5 49. Ne3 Rxd4 50. Rc2 Rxf4 51. gxf4 Nb4 52. Rc7+ Kd8 53. Rb7 Nd3 54. Rb8+ Ke7 55. Rb7+ Kd8 56. Nxg4 Kc8 57. Ra7 Nxf4+ 58. Kf3 Kb8 59. Rd7 Kc8 60. Nf6 Ng6 61. Ke4 Rh8 62. Rxf7 1/2-1/2

[Event "TUR-chT Superleague 2018"]
[Site "Ankara"]
[Date "2018.08.03"]
[Round "11"]
[White "Abasov, Nijat"]
[Black "Gledura, Benjamin"]
[Result "1/2-1/2"]
[WhiteElo "2623"]
[BlackElo "2626"]
[Annotator "ChessBase"]
[PlyCount "61"]
[EventDate "2018.07.25"]
[EventType "team-tourn"]
[EventCountry "TUR"]
[SourceTitle "playchess.com"]
[Source "ChessBase"]
[SourceQuality "1"]

1. Nf3 Nf6 2. g3 g6 3. Bg2 Bg7 4. O-O O-O 5. d4 d5 6. c4 c6 7. Nbd2 Bf5 8. b3 Nbd7 9. Bb2 Ne4 10. Nh4 Nxd2 11. Qxd2 Be6 12. cxd5 cxd5 13. Nf3 Nf6 14. Qb4 Qb6 15. Ba3 Rfe8 16. Qxb6 axb6 17. Bb4 Ne4 18. Rfc1 Rec8 19. a4 Kf8 20. e3 Rc6 21. Nd2 Rac8 22. Rxc6 bxc6 23. Bxe4 dxe4 24. a5 Ra8 25. Ra3 bxa5 26. Nxe4 Rb8 27. Bxa5 Rxb3 28. Rxb3 Bxb3 29. Nc5 Bd5 30. f4 f5 31. Kf2 1/2-1/2

[Event "TUR-chT Superleague 2018"]
[Site "Ankara"]
[Date "2018.08.03"]
[Round "11"]
[White "Mchedlishvili, Mikheil"]
[Black "Yilmaz, Mustafa"]
[Result "1/2-1/2"]
[WhiteElo "2608"]
[BlackElo "2630"]
[Annotator "TA"]
[PlyCount "52"]
[EventDate "2018.07.25"]
[EventType "team-tourn"]
[EventCountry "TUR"]
[SourceTitle "playchess.com"]
[Source "ChessBase"]
[SourceQuality "1"]

1. d4 d5 2. c4 e6 3. Nc3 Be7 4. Nf3 Nf6 5. g3 O-O 6. Bg2 dxc4 7. Ne5 Nc6 8. Bxc6 bxc6 9. Nxc6 Qe8 10. Nxe7+ Qxe7 11. Qa4 c5 12. Qxc4 cxd4 13. Qxd4 e5 14. Qh4 Rb8 15. Bg5 Rxb2 16. Bxf6 Qxf6 17. Qxf6 gxf6 18. O-O Be6 19. Rab1 Rxb1 20. Rxb1 Rc8 21. Rc1 Rb8 22. Rc2 Rc8 23. Rc1 Rb8 24. Rc2 Rc8 25. Rc1 Rb8 26. Rc2 Rc8 1/2-1/2

[Event "TUR-chT Superleague 2018"]
[Site "Ankara"]
[Date "2018.08.03"]
[Round "11"]
[White "Can, Emre"]
[Black "Zeydan, Salih"]
[Result "1-0"]
[WhiteElo "2605"]
[BlackElo "2061"]
[Annotator "ChessBase"]
[PlyCount "87"]
[EventDate "2018.07.25"]
[EventType "team-tourn"]
[EventCountry "TUR"]
[SourceTitle "playchess.com"]
[Source "ChessBase"]
[SourceQuality "1"]

1. d4 Nf6 2. c4 e6 3. g3 Bb4+ 4. Nd2 d5 5. Bg2 O-O 6. Ngf3 Re8 7. O-O Nbd7 8. Qc2 c6 9. b3 Bd6 10. Bb2 e5 11. cxd5 cxd5 12. dxe5 Nxe5 13. Nxe5 Bxe5 14. Bxe5 Rxe5 15. Nf3 Bf5 16. Qb2 Re7 17. Rac1 Qb6 18. e3 Rae8 19. Rfd1 Be4 20. Qd4 Qa5 21. a4 h5 22. Rc5 Qa6 23. Rdc1 Qe2 24. Qd1 Qb2 25. h3 Bxf3 26. Bxf3 h4 27. gxh4 Ne4 28. Bxe4 dxe4 29. R1c4 Re6 30. h5 Re5 31. Rc2 Qa3 32. Rxe5 Rxe5 33. h4 Rc5 34. Qd8+ Kh7 35. Qd4 Rxh5 36. Qxe4+ g6 37. Qd4 Qe7 38. Rc8 Re5 39. Rd8 Qf6 40. Rd7 Kg7 41. Rxb7 a5 42. Rb5 Rh5 43. Rxh5 gxh5 44. Kf1 1-0

[Event "TUR-chT Superleague 2018"]
[Site "Ankara"]
[Date "2018.08.03"]
[Round "11"]
[White "Solak, Dragan"]
[Black "Kerigan, Demre"]
[Result "1-0"]
[WhiteElo "2603"]
[BlackElo "2366"]
[Annotator "TA"]
[PlyCount "61"]
[EventDate "2018.07.25"]
[EventType "team-tourn"]
[EventCountry "TUR"]
[SourceTitle "playchess.com"]
[Source "ChessBase"]
[SourceQuality "1"]

1. e4 d6 2. c4 Nf6 3. Nc3 e5 4. g3 g6 5. Bg2 Bg7 6. Nge2 O-O 7. O-O a6 8. d3 c6 9. h3 b5 10. f4 Nbd7 11. f5 b4 12. Na4 Nb6 13. Be3 Nfd7 14. Nxb6 Nxb6 15. f6 Bh8 16. g4 h6 17. Bxh6 Bxf6 18. Bxf8 Kxf8 19. Qe1 Bg5 20. Qxb4 Be3+ 21. Kh2 Kg7 22. Rf3 a5 23. Qe1 Qg5 24. h4 Qh6 25. Bh3 Bc5 26. g5 Qh5 27. Qg3 Bxh3 28. Qxh3 Rh8 29. Raf1 Kg8 30. Kg3 Nd7 31. Rxf7 1-0

[Event "TUR-chT Superleague 2018"]
[Site "Ankara"]
[Date "2018.08.03"]
[Round "11"]
[White "Shevchenko, Kirill"]
[Black "Tarlabasi, Emirhan"]
[Result "1/2-1/2"]
[WhiteElo "2554"]
[BlackElo "2174"]
[Annotator "TA"]
[PlyCount "160"]
[EventDate "2018.07.25"]
[EventType "team-tourn"]
[EventCountry "TUR"]
[SourceTitle "playchess.com"]
[Source "ChessBase"]
[SourceQuality "1"]

1. d4 d5 2. Bf4 Nf6 3. e3 c5 4. c3 Nc6 5. Nd2 e6 6. Ngf3 Bd6 7. Bg3 O-O 8. Bb5 Ne7 9. Bd3 Ng6 10. Bxd6 Qxd6 11. O-O b6 12. Bxg6 hxg6 13. Ne5 Ba6 14. Re1 Rfc8 15. a4 Qe7 16. f4 Ne8 17. Qg4 Nd6 18. Ndf3 Qe8 19. a5 Nf5 20. axb6 axb6 21. Rad1 Bb5 22. dxc5 bxc5 23. e4 Nh6 24. Qg3 dxe4 25. Rxe4 Rd8 26. Ree1 Rxd1 27. Rxd1 Rd8 28. Rxd8 Qxd8 29. Qe1 Qe8 30. Qe4 Nf5 31. c4 Ba4 32. g4 Nd6 33. Qd3 Nb7 34. Qe4 Nd6 35. Qd3 Nb7 36. Nd2 Bc6 37. b3 Qc8 38. Kf2 Qc7 39. Nxc6 Qxc6 40. Ne4 Qc7 41. Qe3 Kf8 42. Ke2 Qc6 43. Kd2 Ke8 44. Kc2 Kd7 45. Kb2 Kc8 46. h3 Qc7 47. Nc3 Qd7 48. Ka3 f6 49. Qe4 Qd2 50. Qxe6+ Kb8 51. Na4 Qc1+ 52. Ka2 Qd2+ 53. Nb2 Qxf4 54. Qe8+ Ka7 55. Qxg6 Qc7 56. Qd3 Na5 57. Qe3 Nb7 58. Na4 Qh2+ 59. Ka3 Qh1 60. Kb2 Qg2+ 61. Kc3 Qc6 62. Nb2 Qd6 63. Nd3 Ka8 64. Qf4 Qd7 65. Qe4 Qc7 66. Qd5 Ka7 67. Qf3 Qd6 68. Qf4 Qc6 69. Qe3 Ka8 70. h4 Qd6 71. Qe4 Qc7 72. g5 fxg5 73. hxg5 Qg3 74. Qe7 Qg1 75. Qf8+ Ka7 76. Qf2 Qxg5 77. Qa2+ Kb8 78. Qa6 Qf6+ 79. Qxf6 gxf6 80. Nf4 f5 1/2-1/2

[Event "TUR-chT Superleague 2018"]
[Site "Ankara"]
[Date "2018.08.03"]
[Round "11"]
[White "Tukhaev, Adam"]
[Black "Baryshpolets, Andrey"]
[Result "1-0"]
[WhiteElo "2542"]
[BlackElo "2609"]
[Annotator "ChessBase"]
[PlyCount "77"]
[EventDate "2018.07.25"]
[EventType "team-tourn"]
[EventCountry "TUR"]
[SourceTitle "playchess.com"]
[Source "ChessBase"]
[SourceQuality "1"]

1. e4 e5 2. Nf3 Nc6 3. Bb5 Nf6 4. d3 d6 5. c3 g6 6. O-O Bg7 7. Nbd2 O-O 8. Re1 a6 9. Ba4 b5 10. Bc2 Bb7 11. a4 Re8 12. Bb3 h6 13. a5 Nb8 14. Nf1 c5 15. Bd2 c4 16. dxc4 Nxe4 17. Be3 bxc4 18. Bxc4 Qc8 19. Bd5 Nd7 20. Bxe4 Bxe4 21. Qxd6 Qb7 22. Rad1 Nf6 23. Bxh6 Re6 24. Qd2 Bxh6 25. Qxh6 Bxf3 26. gxf3 Qxb2 27. c4 Qb4 28. Ne3 Rae8 29. Kh1 Qb7 30. Nd5 Rd6 31. Rxe5 Qc6 32. Rxe8+ Qxe8 33. Qf4 Qe2 34. Kg2 Nxd5 35. Rxd5 Re6 36. Qd4 f6 37. c5 Kf7 38. c6 Qc2 39. Rd7+ 1-0

[Event "TUR-chT Superleague 2018"]
[Site "Ankara"]
[Date "2018.08.03"]
[Round "11"]
[White "Ali Marandi, Cemil Can"]
[Black "Nihal Sarin"]
[Result "1/2-1/2"]
[WhiteElo "2540"]
[BlackElo "2556"]
[Annotator "TA"]
[PlyCount "63"]
[EventDate "2018.07.25"]
[EventType "team-tourn"]
[EventCountry "TUR"]
[SourceTitle "playchess.com"]
[Source "ChessBase"]
[SourceQuality "1"]

1. d4 d5 2. Bf4 Nf6 3. e3 c5 4. c3 Nc6 5. Nd2 Bg4 6. Ngf3 e6 7. Qb3 Qc8 8. h3 Bh5 9. g4 Bg6 10. Nh4 cxd4 11. exd4 Qd7 12. Nxg6 hxg6 13. Bg2 O-O-O 14. O-O-O Bd6 15. Be3 Na5 16. Qc2 Kb8 17. Kb1 Rc8 18. Bf3 Qc7 19. h4 Bf4 20. Qd3 Nc6 21. Bxf4 Qxf4 22. Qe3 Qd6 23. Be2 e5 24. dxe5 Qxe5 25. Qxe5+ Nxe5 26. g5 Nh5 27. Bxh5 Rxh5 28. Nb3 Rd8 29. Rd4 f6 30. Rhd1 Nf3 31. Rf4 Nxh4 32. Rxf6 1/2-1/2

[Event "TUR-chT Superleague 2018"]
[Site "Ankara"]
[Date "2018.08.03"]
[Round "11"]
[White "Muzychuk, Mariya"]
[Black "Tulay, Seray"]
[Result "1-0"]
[WhiteElo "2528"]
[BlackElo "1795"]
[Annotator "TA"]
[PlyCount "51"]
[EventDate "2018.07.25"]
[EventType "team-tourn"]
[EventCountry "TUR"]
[SourceTitle "playchess.com"]
[Source "ChessBase"]
[SourceQuality "1"]

1. d4 d5 2. c4 e6 3. Nc3 Nf6 4. Nf3 Be7 5. Bf4 c6 6. e3 Nbd7 7. Bd3 O-O 8. O-O dxc4 9. Bxc4 Nb6 10. Bd3 Nbd5 11. Bg3 Nxc3 12. bxc3 c5 13. Ne5 Qa5 14. Qc2 h6 15. Rab1 Nd5 16. e4 Nb6 17. Rb5 Qa3 18. dxc5 Bxc5 19. Rfb1 Be7 20. c4 Rd8 21. c5 Nd7 22. Nc4 Qa6 23. Bc7 Rf8 24. Na5 e5 25. c6 Nb6 26. Rxe5 1-0

[Event "TUR-chT Superleague 2018"]
[Site "Ankara"]
[Date "2018.08.03"]
[Round "11"]
[White "Sanal, Vahap"]
[Black "Ivic, Velimir"]
[Result "1/2-1/2"]
[WhiteElo "2518"]
[BlackElo "2456"]
[Annotator "TA"]
[PlyCount "75"]
[EventDate "2018.07.25"]
[EventType "team-tourn"]
[EventCountry "TUR"]
[SourceTitle "playchess.com"]
[Source "ChessBase"]
[SourceQuality "1"]

1. e4 c5 2. Nf3 d6 3. d4 cxd4 4. Nxd4 Nf6 5. Nc3 e6 6. Bg5 Be7 7. Qd2 h6 8. Bxf6 Bxf6 9. Ndb5 O-O 10. Nxd6 Nc6 11. f4 e5 12. Nxc8 Rxc8 13. Qxd8 Rfxd8 14. Nd5 Nd4 15. O-O-O Rxc2+ 16. Kb1 Rf2 17. g3 Rc8 18. fxe5 Bg5 19. Nb4 Nf3 20. h4 Be7 21. Bh3 Rc4 22. Nd3 Rd2 23. e6 Rd4 24. exf7+ Kxf7 25. Rhf1 R2xd3 26. Rxd3 Rxd3 27. Kc2 Re3 28. Bg4 Bd6 29. Bxf3 Ke7 30. Kd2 Bc5 31. Bh5 Rxg3 32. Rf7+ Kd6 33. Rxb7 g5 34. hxg5 hxg5 35. b4 Bb6 36. a4 Rb3 37. b5 Rb4 38. Rg7 1/2-1/2

[Event "TUR-chT Superleague 2018"]
[Site "Ankara"]
[Date "2018.08.03"]
[Round "11"]
[White "Triapishko, Alexandr"]
[Black "Kovalev, Vladislav"]
[Result "1/2-1/2"]
[WhiteElo "2502"]
[BlackElo "2667"]
[Annotator "ChessBase"]
[PlyCount "87"]
[EventDate "2018.07.25"]
[EventType "team-tourn"]
[EventCountry "TUR"]
[SourceTitle "playchess.com"]
[Source "ChessBase"]
[SourceQuality "1"]

1. e4 e5 2. Nf3 Nc6 3. Bb5 a6 4. Ba4 Nf6 5. O-O Be7 6. d3 b5 7. Bb3 d6 8. a3 O-O 9. Nc3 Bg4 10. Be3 Nd4 11. Bxd4 exd4 12. Nd5 Nd7 13. h3 Bxf3 14. Nxe7+ Qxe7 15. Qxf3 a5 16. Qg3 a4 17. Bd5 Rab8 18. f4 b4 19. axb4 Rxb4 20. b3 Nb6 21. bxa4 Nxa4 22. Qg5 Qxg5 23. fxg5 Nb6 24. Ra7 Nxd5 25. exd5 Rc8 26. Rfa1 g6 27. R1a4 Rcb8 28. h4 R8b5 29. Rxb4 Rxb4 30. Rxc7 Rb5 31. Kf2 Rxd5 32. Kf3 Re5 33. g4 Re3+ 34. Kf4 Rh3 35. Rc4 Kf8 36. Rxd4 Ke7 37. Re4+ Kd8 38. Re1 Kd7 39. Rd1 Ke6 40. Re1+ Kd7 41. Rd1 Ke6 42. c4 Ke7 43. Re1+ Kd7 44. Rd1 1/2-1/2

[Event "TUR-chT Superleague 2018"]
[Site "Ankara"]
[Date "2018.08.03"]
[Round "11"]
[White "Kevlishvili, Robby"]
[Black "Alekseenko, Kirill"]
[Result "1/2-1/2"]
[WhiteElo "2497"]
[BlackElo "2635"]
[Annotator "TA"]
[PlyCount "112"]
[EventDate "2018.07.25"]
[EventType "team-tourn"]
[EventCountry "TUR"]
[SourceTitle "playchess.com"]
[Source "ChessBase"]
[SourceQuality "1"]

1. e4 c6 2. d4 d5 3. e5 Bf5 4. h4 h5 5. Bd3 Bxd3 6. Qxd3 e6 7. Bg5 Qb6 8. Nd2 c5 9. c4 Qxb2 10. Rd1 Nc6 11. Ne2 Nb4 12. Qf3 cxd4 13. O-O Be7 14. cxd5 exd5 15. Rb1 Qxa2 16. Bxe7 Nxe7 17. Rxb4 Qxd2 18. Rxb7 Rh6 19. Rfb1 Rb6 20. R1xb6 axb6 21. e6 fxe6 22. Qxh5+ Kf8 23. Qh8+ Kf7 24. Qxa8 Qe1+ 25. Kh2 Qxe2 26. Qd8 Qe5+ 27. g3 Qf6 28. Kg2 d3 29. Rb8 Kg6 30. Qe8+ Qf7 31. h5+ Kf6 32. Qb5 Nf5 33. Qxd3 Qxh5 34. Qc3+ Kg6 35. Rxb6 Qe2 36. Rb2 Qe4+ 37. Qf3 Qxf3+ 38. Kxf3 Kf6 39. g4 Nd6 40. Rb6 Nc4 41. Ra6 g5 42. Kg3 Ne5 43. f4 gxf4+ 44. Kxf4 Ng6+ 45. Kf3 Ne5+ 46. Kg3 Ng6 47. Ra1 Kg5 48. Rh1 Kf6 49. Rf1+ Kg5 50. Rf7 Ne5 51. Rf8 Ng6 52. Rf1 Ne5 53. Re1 Nxg4 54. Rxe6 Kf5 55. Rd6 Nf6 56. Rxd5+ Nxd5 1/2-1/2

[Event "TUR-chT Superleague 2018"]
[Site "Ankara"]
[Date "2018.08.03"]
[Round "11"]
[White "Asadli, Vugar"]
[Black "Ozen, Bahadir"]
[Result "1/2-1/2"]
[WhiteElo "2482"]
[BlackElo "2302"]
[Annotator "ChessBase"]
[PlyCount "62"]
[EventDate "2018.07.25"]
[EventType "team-tourn"]
[EventCountry "TUR"]
[SourceTitle "playchess.com"]
[Source "ChessBase"]
[SourceQuality "1"]

1. Nf3 Nf6 2. g3 g6 3. b3 b6 4. Bb2 Bg7 5. Bg2 Bb7 6. O-O O-O 7. c4 c5 8. d4 cxd4 9. Qxd4 d6 10. Rd1 Nbd7 11. Nh4 Qb8 12. Nc3 Ne4 13. Qe3 Nxc3 14. Bxc3 Bxc3 15. Qxc3 b5 16. Qe3 Re8 17. Rac1 Nf6 18. c5 Bxg2 19. Nxg2 dxc5 20. Rxc5 Qb7 21. Qe5 a6 22. Rc7 Qe4 23. Qxe4 Nxe4 24. Ne3 Kf8 25. f3 Nf6 26. Kf2 Rec8 27. Rdc1 Rd8 28. Ke1 Ke8 29. R1c5 Rd6 30. g4 h6 31. h4 Kd8 1/2-1/2

[Event "TUR-chT Superleague 2018"]
[Site "Ankara"]
[Date "2018.08.03"]
[Round "11"]
[White "Atalik, Ekaterina"]
[Black "Unuk, Laura"]
[Result "1/2-1/2"]
[WhiteElo "2461"]
[BlackElo "2340"]
[Annotator "TA"]
[PlyCount "116"]
[EventDate "2018.07.25"]
[EventType "team-tourn"]
[EventCountry "TUR"]
[SourceTitle "playchess.com"]
[Source "ChessBase"]
[SourceQuality "1"]

1. d4 Nf6 2. c4 e6 3. Nc3 Bb4 4. e3 d5 5. Bd3 O-O 6. Nge2 dxc4 7. Bxc4 b6 8. O-O Bb7 9. a3 Be7 10. Ng3 c5 11. dxc5 Qxd1 12. Rxd1 Bxc5 13. b4 Be7 14. Bb2 Nc6 15. Be2 Rfd8 16. f4 Rxd1+ 17. Rxd1 Rd8 18. Rxd8+ Nxd8 19. Kf2 h6 20. Bf3 g5 21. f5 Bxf3 22. gxf3 Nc6 23. Ke2 h5 24. fxe6 fxe6 25. Nce4 Nxe4 26. Nxe4 Kf7 27. Kd3 b5 28. Bc3 Kg6 29. h3 a6 30. Nd2 Kf5 31. Ne4 g4 32. hxg4+ hxg4 33. f4 e5 34. Ng3+ Ke6 35. Ke4 exf4 36. exf4 Bd6 37. Ne2 Ne7 38. Nd4+ Kf7 39. Be1 Bc7 40. Nf5 Ng6 41. Bg3 Kf8 42. Ne3 a5 43. bxa5 Bxa5 44. f5 Ne7 45. Bd6 Kf7 46. Nxg4 Bc3 47. Ne5+ Kf6 48. Nd7+ Kf7 49. Bb4 Bb2 50. Ne5+ Bxe5 51. Bxe7 Bb2 52. Bc5 Kf6 53. Bb4 Ba1 54. Bd6 Bb2 55. Bc5 Ba1 56. Kd5 Kxf5 57. Kc6 Bb2 58. Kxb5 Ke5 1/2-1/2

[Event "TUR-chT Superleague 2018"]
[Site "Ankara"]
[Date "2018.08.03"]
[Round "11"]
[White "Mammadzada, Gunay"]
[Black "Nechaeva, Marina"]
[Result "0-1"]
[WhiteElo "2426"]
[BlackElo "2419"]
[Annotator "NA"]
[PlyCount "77"]
[EventDate "2018.07.25"]
[EventType "team-tourn"]
[EventCountry "TUR"]
[SourceTitle "playchess.com"]
[Source "ChessBase"]
[SourceQuality "1"]

1. e4 c5 2. Nf3 d6 3. d4 cxd4 4. Nxd4 Nf6 5. Nc3 a6 6. Be3 e5 7. Nb3 Be6 8. Qd2 Be7 9. O-O-O O-O 10. f4 exf4 11. Bxf4 Nc6 12. Kb1 Ne5 13. Nd4 b5 14. a3 Qc8 15. h3 Rb8 16. g4 Qb7 17. Nxe6 fxe6 18. Bxe5 dxe5 19. g5 Nh5 20. g6 hxg6 21. Rg1 b4 22. Na4 Rfd8 23. Qe1 Rxd1+ 24. Qxd1 bxa3 25. b3 Nf4 26. Ka2 Rd8 27. Qe1 Rd4 28. Nc3 Bb4 29. Rg3 Qc6 30. Qe3 a5 31. Bc4 Rxc4 32. bxc4 Qxc4+ 33. Kb1 Bc5 34. Qc1 Qb4+ 35. Ka2 Qc4+ 36. Kb1 a2+ 37. Ka1 Bd4 38. Qb2 Ne2 39. Rg4 0-1

[Event "TUR-chT Superleague 2018"]
[Site "Ankara"]
[Date "2018.08.03"]
[Round "11"]
[White "Shuvalova, Polina"]
[Black "Buksa, Nataliya"]
[Result "1/2-1/2"]
[WhiteElo "2413"]
[BlackElo "2376"]
[Annotator "NA RC"]
[PlyCount "109"]
[EventDate "2018.07.25"]
[EventType "team-tourn"]
[EventCountry "TUR"]
[SourceTitle "playchess.com"]
[Source "ChessBase"]
[SourceQuality "1"]

1. e4 e5 2. Nf3 Nc6 3. Bb5 a6 4. Ba4 Nf6 5. O-O Nxe4 6. d4 b5 7. Bb3 d5 8. dxe5 Be6 9. c3 Be7 10. Nbd2 Nc5 11. Bc2 d4 12. Nb3 d3 13. Bb1 Nxb3 14. axb3 Bf5 15. Be3 Qd5 16. Bd4 O-O 17. Re1 d2 18. Re2 Bxb1 19. Rxb1 Nxd4 20. Nxd4 Bg5 21. h4 Bxh4 22. Qxd2 Be7 23. Qf4 g6 24. Re3 Rfe8 25. e6 fxe6 26. Nxe6 Bd6 27. Qf6 Re7 28. b4 Rae8 29. Rbe1 Qh5 30. g3 Qf5 31. Qxf5 gxf5 32. Kg2 Kf7 33. Ng5+ Kg6 34. Rxe7 Rxe7 35. Rxe7 Bxe7 36. Ne6 Bd6 37. Kf3 Kf6 38. Nd8 Ke5 39. Nf7+ Ke6 40. Nxd6 cxd6 41. Ke3 d5 42. Kd4 Kd6 43. f3 f4 44. g4 h6 45. b3 Ke6 46. c4 dxc4 47. bxc4 bxc4 48. Kxc4 Kd6 49. Kd4 Kc6 50. Ke4 Kb5 51. Kxf4 Kxb4 52. Ke4 a5 53. f4 a4 54. f5 Kc5 55. Kd3 1/2-1/2

[Event "TUR-chT Superleague 2018"]
[Site "Ankara"]
[Date "2018.08.03"]
[Round "11"]
[White "Yurtseven, Melih"]
[Black "Selbes, Tarik"]
[Result "1-0"]
[WhiteElo "2404"]
[BlackElo "2330"]
[Annotator "NA"]
[PlyCount "99"]
[EventDate "2018.07.25"]
[EventType "team-tourn"]
[EventCountry "TUR"]
[SourceTitle "playchess.com"]
[Source "ChessBase"]
[SourceQuality "1"]

1. d4 Nf6 2. c4 g6 3. Nc3 Bg7 4. e4 O-O 5. Nf3 d6 6. Be2 e5 7. d5 a5 8. h3 Na6 9. Bg5 h6 10. Be3 Nc5 11. Nd2 c6 12. g4 Nfd7 13. Rg1 a4 14. h4 Qa5 15. a3 Rb8 16. h5 g5 17. Kf1 cxd5 18. cxd5 b5 19. Na2 Na6 20. b4 axb3 21. Nxb3 Qxa3 22. Bd3 Ndc5 23. Nac1 Qb4 24. Bd2 Nxd3 25. Bxb4 Ndxb4 26. Nd3 Bf6 27. Nxb4 Nxb4 28. Kg2 Bd8 29. Qd2 Na6 30. Rgc1 Nc5 31. Nxc5 dxc5 32. Rxc5 Bxg4 33. Ra6 Bxh5 34. Qb4 Bg6 35. Rxb5 Rxb5 36. Rxg6+ fxg6 37. Qxb5 g4 38. Qd7 h5 39. Qe6+ Kh7 40. Qxe5 Bh4 41. Qc7+ Kh6 42. Qc1+ Kh7 43. e5 Rxf2+ 44. Kg1 Re2 45. e6 Kg7 46. Qc4 Re1+ 47. Kg2 Kf6 48. Qc3+ Ke7 49. Qc7+ Kf6 50. Qd8+ 1-0

[Event "TUR-chT Superleague 2018"]
[Site "Ankara"]
[Date "2018.08.03"]
[Round "11"]
[White "Koksal, Ege"]
[Black "Haznedaroglu, Kivanc"]
[Result "0-1"]
[WhiteElo "2381"]
[BlackElo "2458"]
[Annotator "TA"]
[PlyCount "138"]
[EventDate "2018.07.25"]
[EventType "team-tourn"]
[EventCountry "TUR"]
[SourceTitle "playchess.com"]
[Source "ChessBase"]
[SourceQuality "1"]

1. d4 d5 2. c4 c6 3. cxd5 cxd5 4. Nf3 Nf6 5. Nc3 Nc6 6. Bf4 Ne4 7. Bd2 Nxd2 8. Qxd2 e6 9. e3 Bd6 10. Be2 O-O 11. O-O Bd7 12. Rfc1 f5 13. Na4 Qe7 14. Nc5 Be8 15. Nd3 Bh5 16. Nfe5 Bxe5 17. Nxe5 Nxe5 18. Bxh5 Nc4 19. Qc3 Rfc8 20. Be2 Rc6 21. b3 Nd6 22. Qb2 Rac8 23. Rxc6 Rxc6 24. Rc1 Qc7 25. Rxc6 Qxc6 26. Bd3 Kf7 27. Kf1 Kf6 28. Ke2 Qc7 29. Qc2 Qxc2+ 30. Bxc2 g5 31. h3 h5 32. g3 Nf7 33. Kd3 Nh8 34. Bd1 g4 35. h4 Nf7 36. Bc2 e5 37. Kc3 Nd6 38. Bd3 Ke6 39. Kd2 e4 40. Be2 f4 41. exf4 Nf5 42. Kc3 e3 43. fxe3 Nxg3 44. Bb5 a6 45. Bd3 Nf5 46. Kd2 Nxh4 47. Ke2 Nf5 48. Kf2 h4 49. b4 h3 50. e4 g3+ 51. Kf3 dxe4+ 52. Bxe4 g2 53. Kf2 Nxd4 54. f5+ Ke5 55. Bxb7 Ne2 56. Bxg2 hxg2 57. Kxg2 Nc3 58. a3 Kxf5 59. Kf3 Ke5 60. Ke3 Kd5 61. Kd3 Nb5 62. a4 Nd6 63. Kc3 Ke4 64. Kc2 Kd4 65. Kb3 Kd3 66. a5 Kd4 67. Ka3 Kc4 68. Ka4 Ne4 69. Ka3 Nc3 0-1

[Event "TUR-chT Superleague 2018"]
[Site "Ankara"]
[Date "2018.08.03"]
[Round "11"]
[White "Erturan, Yakup"]
[Black "Salgado Lopez, Ivan"]
[Result "1/2-1/2"]
[WhiteElo "2378"]
[BlackElo "2643"]
[Annotator "TA"]
[PlyCount "65"]
[EventDate "2018.07.25"]
[EventType "team-tourn"]
[EventCountry "TUR"]
[SourceTitle "playchess.com"]
[Source "ChessBase"]
[SourceQuality "1"]

1. d4 Nf6 2. c4 e6 3. Nf3 b6 4. g3 Bb7 5. Bg2 Bb4+ 6. Bd2 a5 7. O-O O-O 8. Nc3 d6 9. Qc2 Bxc3 10. Bxc3 Nbd7 11. Nd2 Bxg2 12. Kxg2 Qc8 13. e4 Qb7 14. d5 e5 15. b4 axb4 16. Bxb4 Ra6 17. a4 Rfa8 18. Ra3 c5 19. Bc3 R8a7 20. Rfa1 Ne8 21. Bb2 Nc7 22. Nb1 Qa8 23. Nc3 Qe8 24. Nb5 Nxb5 25. cxb5 Ra5 26. Bc3 Qe7 27. Bxa5 Rxa5 28. Rc3 Qg5 29. Rc4 Qg6 30. f3 Nf6 31. Qd2 Nd7 32. Qc2 Nf6 33. Qd2 1/2-1/2